Statystyki dla Największe wyspy Afryki.

Kliknij tutaj aby rozwiązać quiz!

Ogólne statystyki

  • Ten quiz został rozwiązany 60 razy
  • Średni wynik to 3 z 10

Statystyki odpowiedzi

Powierzchnia w km2Odpowiedź% Poprawnych
587 tys.Madagaskar
98%
1,9 tys.Mauritius
55%
2,5 tys.Reunion
34%
1,7 tys.Zanzibar
33%
3,6 tys.Sokotra
26%
2,1 tys.Teneryfa
16%
2 tys.Bioko
14%
1,1 tys.Wielki Komor
14%
1,6 tys.Gran Canaria
12%
1,7 tys.Fuerteventura
7%

Rozkład punktacji

Percentyl według liczby udzielonych odpowiedzi

Procent ludzi z każdym wynikiem

Twoja historia wyników

Nie rozwiązałeś tego quizu